Dua Lipa de A à Z - Statistiques

Statistiques générales
  • Ce quiz a été pris 58 fois
  • Le résultat moyen est 11 sur 19
Statistiques - réponses
Lettre Titres % Correct
H Houdini/Happy for You/Hallucinate/Hotter Than Hell/Homesick/Handlebars
89%
T Training Season/These Walls/That Kind of Woman/Thinking 'Bout You/Think I'm Love with You
85%
L Levitating/Love is Religion/Love Again/Lost in your Light/Last Dance/Live Acoustic
80%
B Break my Heart/Boys Will be Boys/Be the One/Blow Your Mind/Begging/Bad Together
78%
F French Exit/Failling Forever/Future Nostalgia/Fever
76%
P Physical/Pretty Please/Potion
70%
I Illusion/IDGAF
67%
E End Of An Era/Electricity
63%
C Cool/Cold Heart/Can they Hear Us
61%
N No Goodbyes/New Rules/New Love
57%
M Maria
54%
D Don't Strat Now/Dreams/Dance The Night
52%
O One Kiss
52%
W Watcha Doing/We're Good
48%
G Good in Bed/Genesis/Garden
43%
S Sweetest Pie/Swan Song/Scared to Be Lonely
33%
A Anything for Love
30%
R Room for 2/Real Groove
20%
U UN DIA
20%
Aucun quiz correspondant
Distribution des résultats
% des personnes avec chaque résultat
Percentile par nombre de réponses
Votre historique - résultats
Vous n’avez pas pris ce quiz